| 000 | nam a22 a 4500 | ||
|---|---|---|---|
| 999 |
_c4674 _d4674 |
||
| 003 | AKMAL | ||
| 005 | 20170727153201.0 | ||
| 008 | 170727s2017 my e l o000 0 may d | ||
| 020 |
_a9789677014269 _cRM42.00 |
||
| 082 | 0 | 4 |
_a340.09595 MAL _223 |
| 090 | 0 | 0 |
_a340.09595 _bMAL |
| 110 | 1 |
_aMalaysia _9400 |
|
| 245 | 1 | 0 |
_aUNDANG-UNDANG UMUM JILID DUA ; _nPERLEMBAGAAN PERSEKUTUAN BAHAGIAN III, IV, & VI ; AKTA PENCEN 1980 PERATURAN-PERATURAN PENCEN 1980 ; AKTA KUMPULAN WANG SIMPANAN PEKERJA 1991 KAEDAH-KAEDAH KWSP 1991 PERATURAN-PERATURAN KWSP 2001 ; [Semua Pindaan Hingga 1 Januari 2017] / _cDisusun semula oleh : Penasihat Undang-Undang MDC |
| 246 | 0 | 8 |
_aUNDANG-UNDANG UMUM. _nJILID DUA |
| 250 | _aCetakan Keduapuluhdua 2017 | ||
| 264 | 1 |
_aKuala Lumpur : _bMDC PUBLISHERS SDN BHD, _c2017 |
|
| 300 |
_a404 pages ; _c27 cm |
||
| 490 | 1 | _aUNDANG-UNDANG MALAYSIA | |
| 650 | 1 | 0 |
_aConstitutional law _zMalaysia _9437 |
| 650 | 2 | 0 |
_aPensions _xLaw and legislation _zMalaysia _9438 |
| 650 | 2 | 0 |
_aEmployees' deposits _xLaw and legislation _zMalaysia _9439 |
| 710 | 2 |
_aPenasihat Undang-Undang MDC, _ecompiler. _9405 |
|
| 830 | 0 |
_aUNDANG-UNDANG MALAYSIA _98992 |
|
| 942 |
_2ddc _cBOOK |
||
| 950 | _lAKMAL | ||